| 000 | 01564cam a22001814a 4500 | ||
|---|---|---|---|
| 005 | 20250605163500.0 | ||
| 008 | 250528s ||||||||||||||||||||||||d | ||
| 035 | _a20210 | ||
| 020 | _a139696 | ||
| 040 |
_aGR-AtMCL _bgre _dGR-AtMCL _eAACR2 |
||
| 245 | 1 | _aΕπιθεώρηση Κοινωνικών Ερευνών / The Geek Review of Social Research | |
| 260 |
_bAviation Maintenance Publishers _bΕθνικό Κέντρο Κοινωνικών Ερευνών, _c2006 |
||
| 300 | _a232 | ||
| 520 | _aΗ Κοινωνική Πολιτική Κατοικίας στην Ελλάδα: Οι Διαστάσεις μιας Απουσίας, Βιογραφική Ρήξη και Ιδρυματισμός: Θεσμικές και Αφηγηματικές Διαστάσεις μιας Κοινωνικής Διαδικασίας, Χαρτογραφώντας ''Γκρίζες Ζώνες'' του Πολιτισμού: Πολιτιστικοί Φορείς στο Νόμο Κυκλάδων, Κοινωνική Ανάπτυξη και Κοινωνία Πολιτών και ΜΚΟ - Ένας Διαδραστικός Θεσμικός Μηχανισμός, Στατιστική Ανάλυση των Τάσεων Διαμόρφωσης Αξιακών Προτύπων της Έμμισθης Εργασίας στο Δημόσιο Τομέα και ο Ρόλος της Διάστασης του Φύλου, Αίτια και Πολιτικές Αντιμετώπισης του Αναλφαβητισμού. | ||
| 942 | _cBK | ||
| 999 |
_c5345 _d5345 |
||